|
|
|
|
| LEADER |
00000nam a2200000 a 4500 |
| 001 |
vtls012053315 |
| 003 |
SK-MaSNL |
| 005 |
20260301040013.0 |
| 008 |
210701s1802 xx 0 0n0 hun |
| 015 |
|
|
|a SNBHFA
|
| 035 |
|
|
|a urn:nbn:sk:snk-am00fgf6
|
| 035 |
|
|
|a urn:nbn:sk:snk-am3isqy
|
| 035 |
|
|
|a 64F94030-6CE9-4447-9273-3286B06A7301
|
| 040 |
|
|
|a SNKHF
|b slo
|c SNKHF
|e AACR2
|
| 041 |
0 |
|
|a hun
|
| 072 |
|
7 |
|a 352/354
|x Stupne miestnej, oblastnej a ústrednej správy
|2 konspekt
|
| 080 |
|
|
|a 353.9
|2 2011
|
| 130 |
0 |
|
|a Közönséges
|9 339434
|
| 245 |
1 |
0 |
|a Közönséges Magyar Beszédek
|c a' mellyek Tornán 1802-dik Esztendöben, Szent György Havának 12-dik napján, Méltóságos Buzini Gróf Keglevits Károly Ö Nagyságának, Nemes Torna Vármegye Fö-Ispányi Székében, Nagy Méltóságú Gróf csáki Antal Ö Excellentiája, mint Királyi Bíztos által lett bé-íktatásának alkalmatoságával mondattak
|
| 260 |
|
|
|a [B. m.]
|b [b. n.]
|c 1802
|
| 300 |
|
|
|a [32] s.
|c 23 cm
|
| 501 |
|
|
|a Prív. 29. k: PÁLEŠ, Henrich. Carmen ... Petro Klobusitzky. Pestini : Typis Ludovici Landerer, 1828.
|5 SNK SB 24307/prív.29
|
| 504 |
|
|
|a Titul nad textom
|
| 508 |
|
|
|a Reči predniesli: Karol Keglevič a Anton Čáki
|
| 650 |
0 |
7 |
|a územná samospráva
|2 SNKPH
|9 802
|
| 655 |
|
7 |
|a príležitostné reči
|2 SNKPH
|9 278783
|
| 700 |
1 |
|
|a Keglevič, Karol,
|d 1738-1804
|4 aut
|9 339435
|
| 700 |
1 |
|
|a Čáki, Anton
|4 aut
|9 339436
|
| 958 |
|
|
|a ONDV
|
| 958 |
|
|
|a DF
|
| 999 |
|
|
|c 585260
|d 587190
|
| 952 |
|
|
|a SNK
|b SNK
|y PREZ
|7 0
|p 17A1397428
|o snkSB 24307/prív.29
|i snkF 22/77
|8 5
|0 0
|1 0
|4 0
|d 2021-05-10
|f 1
|l 0
|r 2025-03-28 00:00:00
|w 2026-02-23
|